| 000 | 00468pam a2200169 a 4500 | ||
|---|---|---|---|
| 020 | _a1865088870 (pbk.) | ||
| 040 | _cDLC | ||
| 082 | 0 | 0 | _a959 ALL 2002 A099 Or. |
| 100 | 1 | _aKrasnoff, Stan, | |
| 245 | 1 | 0 | _aShadows on the wall / |
| 260 |
_aCrows Nest, N.S.W., Australia : _bAllen & Unwin, _c2002. |
||
| 300 |
_axxv, 193 p. : _b1 map ; _c22 cm. |
||
| 650 | 0 | _aVietnam War, 1961-1975 | |
| 650 | 0 | _aVietnam War, 1961-1975 | |
| 650 | 0 | _aTet Offensive, 1968 | |
| 942 | _cEK | ||
| 999 |
_c12802 _d12802 |
||